| 000 | 01000nac a22002411u 4500 | ||
|---|---|---|---|
| 008 | 100914t xxu||||| |||| 00| 0 eng d | ||
| 010 | _a96053481 | ||
| 020 | _a0136108822 | ||
| 082 | 0 | 0 |
_a631.4 _bMIL |
| 100 |
_aMiller, Raymond W., _919065 |
||
| 245 | 1 | 0 |
_aSoils in Our Environment / _cRaymond W. Miller, Duane T. Gardiner ; Joyce U. Miller, editorial assistant. |
| 250 | _a8th ed. | ||
| 260 |
_aUpper Saddle River, N.J. : _bPrentice Hall, _cc1998. |
||
| 300 |
_axvi, 736 p. : _bill. (some col.), maps (some col.) ; _c26 cm. |
||
| 504 | _aIncludes bibliographical references (p. 681-687) and index. | ||
| 650 | 0 |
_aSoil science. _919066 |
|
| 650 | 0 |
_aCrops and soils. _919067 |
|
| 650 | 0 |
_aSoil management. _919068 |
|
| 700 | 1 |
_aGardiner, Duane T. _919069 |
|
| 700 | 1 |
_aMiller, Joyce U. _919070 |
|
| 942 |
_cBB _k631.4MIL _2ddc |
||
| 999 |
_c1426 _d1426 |
||